Т. 34, № 3; Химия и технология воды

Λεπτομέρειες βιβλιογραφικής εγγραφής
Parent link:Химия и технология воды: международный научно-технический журнал/ Национальная академия наук Украины (НАНУ), Институт коллоидной химии и химии воды им. А. В. Думанского. Т. 34, № 3.— , 1980-.— 0204-3556
Γλώσσα:Ρωσικά
Έκδοση: 2012
Μορφή: Βιβλίο
KOHA link:https://koha.lib.tpu.ru/cgi-bin/koha/opac-detail.pl?biblionumber=480755

MARC

LEADER 00000nam2a2200000 4500
001 480755
005 20231101093615.0
035 |a (RuTPU)RU\TPU\prd\148002 
090 |a 480755 
100 |a 20120822a19799999k y0rusy50 ca 
101 0 |a rus 
102 |a UA 
200 0 |a Т. 34, № 3 
210 |d 2012 
461 1 |0 (RuTPU)RU\TPU\prd\425  |x 0204-3556  |t Химия и технология воды  |o международный научно-технический журнал  |f Национальная академия наук Украины (НАНУ), Институт коллоидной химии и химии воды им. А. В. Думанского  |v Т. 34, № 3  |d 1980- 
801 0 |a RU  |b 63413507  |c 20010227  |g PSBO 
801 1 |a RU  |b 63413507  |c 20120822 
801 2 |a RU  |b 63413507  |c 20210210  |g RCR 
942 |c BK 
999 |a НТБ_ТПУ  |b НФ  |e -1/20120110  |p П-9085  |s 6/20110919  |u 0,00  |v 1